01641 2200301 4500001002100000005001500021035002000036007000300056008004100059020001800100082001000118084001400128245022100142250001800363300003800381650002400419650001800443700003000461700002400491505066800515710002001183264003001203336002101233337003001254338002301284990001601307990001601323INLIS00000000000017220260416024011 a0010-0426000171ta260416 g 0 ind  a9789792931716 a006.7 a006.7 PAN aPanduan aplikatif & solusi (PAS) : adobe premiere pro CS5.5 untuk membuat kreasi video kreatif /cWahana Komputer ; editor, Westriningsih ; setting, Sri Sulistiyani ; desain cover, dan_dut ; korektor, Thomas Pribadi aedisi pertama a212 halaman :bilustrasi ;c23 cm 4aMultimedia Komputer 4aVideo Digital0 aWestriningsihePenyunting0 adan_duteIlustrator aAdobe premiere pro CS5.5 merupakan program editing video versi terbaru dari sebelumnya, berbgai peningkatan kemampuan telah melengkapi versi program ini, diantaranya kecepatan dalam pengeditan klip video, selain itu ada kemudahan dalam melakukan pengeditan jika menggunakan perangkat laptop, meski memiliki banyak kesamaan tampilan dengan versi sebelumnya namun premiere CS5.5 memilki performa yang lebih baik, banyak proses editing yang dapat anda lakukan dengan program ini mulai dari awal proyek hingga mengekspor movie, semuanya memiliki tahapan-tahapan yang memungkinkan anda untuk berkreasi membuat klip movie yang menarik dan dapat dinikmati semua kalangan0 aWahana Komputer aYogyakarta :bANDI,c2012 2rdacontentateks 2rdamediaatanpa perantara 2rdacarrieravolume aPP000262/19 aPP000285/19